000
00316nam a22001337a 4500
008
171012b xxu||||| |||| 00| 0 eng d
020
_a
9780072880410
041
_a
eng
080
_2
3 ED
_a
316
100
_a
50
101
_a
SOC
245
_a
SOCIAL INEQUALITY PATERNS PROCESSES
_c
MARGER.M.N
942
_2
udc
_c
BK
999
_c
33456
_d
33456